00364 a2200121 450000500170000002000180001708200210003510000140005624500460007026000330011630000620014970000310021120250429143246.0 a0-07-825299-7 aLECT 005.756 HIN aHINKLE, D aOffice XP: A Comprehensive Approach, Core aNew York,bMcGraw-Hillc2002 axvi,1336p,: ill.; figure, table.bGlossary, Index.c25cm. aMARPLE, M. and STEWART, K.